000 01277nam a22003617a 4500
003 CHAP
005 20220329143049.0
008 051128d2004 mx a r 00110 spa d
010 _a91414
011 _a92386
035 _a102950
040 _cCHAP
090 _aTesis
100 0 0 _aTerrones Cervantes, Roselia.
_9112432
245 1 0 _aPotencial productivo de líneas mejoradas de jamaica
_c/por Roselia Terrones Cervantes
260 _aCocula, Gro. :
_bEl autor,
_c2004.
300 _a74 h. :
_bilus.; gráfs.; cuadros.
502 _aTesis (Ing. Agr. Fitotecnista) -- Colegio Superior Agropecuario del Estado de Guerrero. Centro de Estudios Profesionales
590 _aALEPH
_b10
_c20130110
_lUCH01
_h1508
590 _aBATCH-UPD
_b10
_c20130110
_lUCH01
_h0611
590 _aBATCH-UPD
_b10
_c20130410
_lUCH01
_h0253
590 _aBATCH-UPD
_b10
_c20130914
_lUCH01
_h1701
590 _aCONVERSION
_b10
_c20130109
_lUCH01
_h1351
650 1 4 _aJamaica.
_960987
650 1 4 _aJamaica
_xFisiología y morfología.
_960992
650 1 4 _aJamaica
_xFloración.
_960993
650 1 4 _aJamaica
_xMejoramiento.
_960996
650 1 4 _aJamaica
_xRendimiento.
_961001
901 _aBK
905 _aElisama A. H.
942 _cTESIS
949 _aTesis
_bBC
_cTES
_d102950
_eTS1
_h102950
_i102950
_sb
999 _c91414
_d91414